アイドルマスターSideM プロデューサーの呼び方 - Statistics

General Stats
  • This quiz has been taken 15 times
  • The average score is 46 of 59
Answer Stats
Hint Answer % Correct
天ヶ瀬冬馬 プロデューサー
100%
天道輝 プロデューサー
100%
渡辺みのり プロデューサー
100%
木村龍 プロデューサーさん
100%
秋山隼人 プロデューサー
100%
紅井朱雀 プロデューサーさん
100%
水嶋咲 プロデューサー
100%
橘志狼 プロデューサー
100%
伊集院北斗 プロデューサー
100%
桜庭薫 プロデューサー
100%
神楽麗 プロデューサーさん
100%
鷹城恭二 プロデューサー
100%
握野英雄 プロデューサー
100%
榊夏来 プロデューサーさん
100%
冬美旬 プロデューサーさん
100%
東雲荘一郎 プロデューサーさん
100%
岡村直央 プロデューサーさん
100%
九十九一希 プロデューサー
100%
葛之葉雨彦 プロデューサー
100%
古論クリス プロデューサーさん
100%
天峰秀 プロデューサー
100%
御手洗翔太 プロデューサーさん
100%
柏木翼 プロデューサー
100%
都築圭 プロデューサーさん
100%
ピエール プロデューサーさん
100%
信玄誠司 プロデューサーさん
100%
清澄九郎 プロデューサーさん
100%
若里春名 プロデューサー
100%
神谷幸広 プロデューサーさん
100%
卯月巻緒 プロデューサーさん
100%
姫野かのん プロデューサーさん
100%
秋月涼 プロデューサーさん
100%
北村想楽 プロデューサーさん
100%
山村賢 プロデューサーさん
100%
眉見鋭心 お前
87%
天ヶ瀬冬馬 あんた
80%
伊勢谷四季 プロデューサーちゃん
80%
鷹城恭二 あんた
80%
山下次郎 プロデューサーちゃん
80%
華村翔真 プロデューサーちゃん
80%
舞田類 プロデューサーちゃん
80%
伊集院北斗 あなた
60%
桜庭薫
60%
古論クリス あなた
60%
円城寺道流 師匠
53%
アスラン=BBII世
40%
大河タケル アンタ
40%
蒼井享介 監督
33%
蒼井悠介 監督
33%
花園百々人 ぴぃちゃん
33%
兜大吾 ボス
27%
神楽麗 貴殿
27%
硲道夫 プロデューサー君
27%
葛之葉雨彦 お前さん
27%
花園百々人 キミ
27%
黒野玄武 番長さん
20%
牙崎漣 オマエ
13%
猫柳キリオ プロデューサークン
13%
牙崎漣 テメー
0%
No matching quizzes found
Score Distribution
Percent of People with Each Score
Percentile by Number Answered
Your Score History
You have not taken this quiz